في تاريخ الفلسفة اليونانية

Bibliographic Details
Main Authors: حجازي, عوض الله جاد (Author), نعيم، محمد (Author)
Format: Book
Published: Qahirah : Dar al-Tiba`at al-Muhammadiyah , [19--]
Subjects:

MARC

LEADER 00000cam a2200000 7i4500
001 0000000467
005 20161123093000.0
008 021118n
090 0 0 |a B175.A7   |b H5 
100 0 |a حجازي, عوض الله جاد ,   |e author 
245 1 0 |a في تاريخ الفلسفة اليونانية   |c عوض الله جاد حجازي ومحمد السيد نعيم 
260 2 |a Qahirah :   |b Dar al-Tiba`at al-Muhammadiyah ,   |c [19--] 
300 |a 211 p. ;   |c 21 cm. 
650 0 |a Philosophy, Ancient 
700 0 |a نعيم، محمد ,   |e author 
745 0 0 |a Fi tarikh al-falsafah al-Yunaniyah 
999 |a 1000012389   |b Book   |c OPEN SHELF (30 DAYS)   |e Gong Badak Campus 
999 |a 1000012920   |b Book   |c OPEN SHELF (30 DAYS)   |e Gong Badak Campus